000 00729nam a22002297a 4500
003 0
005 20250115164838.0
008 250115b xxu||||| |||| 00| 0 eng d
020 _a978-1-350-25308-7
050 _aNC 730
_b.N48 2024
100 _aNetter, Louis
245 _aReportage drawing
_bvision and experience
_cLouis Netter,
260 _aLondon
_bBlomsburry Visual Arts
_c2024
300 _avi, 210 pages :
_billustrations and pictures ;
_c24cm.
504 _aIncludes bibliographical references and index.
650 _aReportage drawing.
650 _aIllustration—Technique.
650 _aVisual perception in art.
650 _aDrawing—Philosophy.
650 _aExperience in art.
942 _2lcc
_cBK
999 _c366990
_d366990